European Capitals by Population Density Map - Statistics

General Stats
  • This quiz has been taken 32 times
    27 since last reset
  • The average score is 28 of 45
Answer Stats
Picture Answer % Correct
London - United Kingdom
88%
Amsterdam - Netherlands
84%
Athens - Greece
84%
Lisbon - Portugal
84%
Moscow - Russia
84%
Paris - France
84%
Copenhagen - Denmark
80%
Monaco
80%
Reykjavik - Iceland
80%
Rome - Italy
80%
Vatican City
80%
Dublin - Ireland
76%
Helsinki - Finland
76%
Oslo - Norway
76%
San Marino
76%
Valletta - Malta
76%
Berlin - Germany
72%
Riga - Latvia
72%
Stockholm - Sweden
72%
Madrid - Spain
68%
Tallinn - Estonia
68%
Brussels - Belgium
64%
Tirana - Albania
64%
Vaduz - Liechtenstein
64%
Vienna - Austria
64%
Andorra La Vella - Andorra
60%
Budapest - Hungary
60%
Prague - Czechia
60%
Kyiv - Ukraine
56%
Warsaw - Poland
56%
Belgrade - Serbia
52%
Bern - Switzerland
52%
Minsk - Belarus
52%
Podgorica - Montenegro
52%
Bratislava - Slovakia
48%
Sofia - Bulgaria
48%
Bucharest - Romania
44%
Ljubljana - Slovenia
40%
Luxembourg
40%
Sarajevo - Bosnia and Herzegovina
40%
Skopje - North Macedonia
40%
Zagreb - Croatia
40%
Chișinău - Moldova
36%
Pristina - Kosovo
36%
Vilnius - Lithuania
36%
No matching quizzes found
Score Distribution
Percent of People with Each Score
Percentile by Number Answered
Your Score History
You have not taken this quiz since the last reset